000 00470nam a2200169Ia 4500
008 240729s9999 xx 000 0 und d
022 _a2974-6663
245 0 _aNutrimentum et Curae
260 _aItaly
260 _bIndicon S.r.l. Società Benefit (SB)
650 _a Home economics
650 _a Nutrition. Foods and food supply
650 _aTechnology
856 _uhttps://doaj.org/toc/09fa4a39aa614805854b480458a083f5
942 _2ddc
942 _cDOAJEJ
999 _c67496
_d67496
945 _a1
_bMadushi Gamage
_c1
_dMadushi Gamage